One nation under God? : Religion and American Culture (Record no. 23427)

MARC details
000 -LEADER
fixed length control field 00608cam a22001934a 4500
020 ## - INTERNATIONAL STANDARD BOOK NUMBER
ISBN 0415922232 (alk. paper)
020 ## - INTERNATIONAL STANDARD BOOK NUMBER
ISBN 0415922240 (pbk. : alk. paper)
082 00 - DEWEY DECIMAL CLASSIFICATION NUMBER
Classification number 291.170
Author Cutter GAR
245 00 - TITLE STATEMENT
Title One nation under God? : Religion and American Culture
260 ## - PUBLICATION, DISTRIBUTION, ETC. (IMPRINT)
Place of publication New York :
Name of publisher Routledge,
Year of publication 1999.
300 ## - PHYSICAL DESCRIPTION
Number of Pages xii, 324 p. ;
650 #0 - SUBJECT ADDED ENTRY--TOPICAL TERM
Topical Term Religion and culture
856 4# - ELECTRONIC LOCATION AND ACCESS
Uniform Resource Identifier http://lcweb.loc.gov/catdir/toc/98050482.html
856 42 - ELECTRONIC LOCATION AND ACCESS
Uniform Resource Identifier http://www.loc.gov/catdir/enhancements/fy0651/98050482-d.html
942 ## - ADDED ENTRY ELEMENTS (KOHA)
Koha item type Books
700 1# -
-- Garber, Marjorie B.
700 1# -
-- Walkowitz, Rebecca L.,
Holdings
Home library Current library Shelving location Date acquired Source of acquisition Cost, normal purchase price Full call number Accession Number Koha item type
Henry Martyn Institute Library Henry Martyn Institute Library General stacks 03/12/2024 Kohinoor Book Distributor 3827.00 291.170 GAR 25916 Books
                   Copyright © 2026 | Henry Martyn Institute | Hyderabad | TS-500052 | INDIA | Implemented by hmi.edu.in
Hit-Count:

Powered by Koha